Unusual Place Names - UK - Statistics

General Stats
  • This quiz has been taken 38 times
  • The average score is 5 of 15
Answer Stats
County: Clue Initials Answer % Correct
Swansea: Fails to speak clearly. M Mumbles
70%
Dorset: Maybe bitter or maybe stout. B Beer
61%
Perthshire: Twinned with Boring, Oregon and Bland, New South Wales. D Dull
58%
Devon: This novel nautical exclamation is always punctuated. WH Westward Ho!
58%
Norfolk: Super sign of sleep apnoea. GS Great Snoring
45%
Aberdeenshire: Good luck finding it. L Lost
45%
Somerset: A spicy hammer. CM Curry Mallet
36%
Hampshire: A smack on the behind. NW Nether Wallop
36%
Essex: Coordinated neckware. MT Matching Tye
33%
West Yorkshire: Amused part of a candle. G Giggleswick
24%
Durham: A plea for sympathy. PM Pity Me
21%
East Riding: Place of sleepy exile. LON Land of Nod
18%
Dorset: Uncomfortable consequence of swimming at the beach, for some. SB Sandy Balls
12%
Pembrokeshire: Get out of the way! S Stepaside
3%
West Yorkshire: No VPL with this superior lingerie. U Upperthong
0%
No matching quizzes found
Score Distribution
Percent of People with Each Score
Percentile by Number Answered
Your Score History
You have not taken this quiz